Normal fatty acids in estuarine and tidal-marsh sediments of Choctawhatchee and Apalachee Bays, northwest Florida /

Bibliographic Details
Main Author: Miller, R. E. (Robert Eugene), 1933-
Format: Government Document Book
Language:English
Published: Washington : U.S. Govt. Print. Off, 1972.
Series:Geological Survey professional paper ; 724-B.
Shorter contributions to general geology.
Subjects:

MARC

Tag First Indicator Second Indicator Subfields
LEADER 00000cam a2200000 4500
001 in00002782745
005 20150922150909.0
008 720619s1972 dcua b 000 0 eng
010 |a  70184627  
035 |a (OCoLC)ocm00416742 
035 |a (OCoLC)416742 
040 |a DLC  |b eng  |c DLC  |d BTCTA  |d OCLCG  |d TXJ  |d UtOrBLW 
043 |a n-us-fl 
049 |a TXAM 
050 0 0 |a GC383.5  |b .M5 
082 0 0 |a 553/.282 
086 0 |a I 19.16:724-B 
100 1 |a Miller, R. E.  |q (Robert Eugene),  |d 1933- 
245 1 0 |a Normal fatty acids in estuarine and tidal-marsh sediments of Choctawhatchee and Apalachee Bays, northwest Florida /  |c by Robert E. Miller. 
264 1 |a Washington :  |b U.S. Govt. Print. Off,  |c 1972. 
300 |a iii, 13 pages :  |b illustrations ;  |c 30 cm. 
336 |a text  |b txt  |2 rdacontent 
337 |a unmediated  |b n  |2 rdamedia 
338 |a volume  |b nc  |2 rdacarrier 
490 1 |a Geological Survey professional paper 724-B. Shorter contributions to general geology 
504 |a Bibliography: pages 11-13. 
650 0 |a Fatty acids. 
650 0 |a Marine sediments  |z Florida  |z Choctawhatchee Bay. 
650 0 |a Marine sediments  |z Florida  |z Apalachee Bay. 
830 0 |a Geological Survey professional paper ;  |v 724-B. 
830 0 |a Shorter contributions to general geology. 
948 |a cataloged  |b h  |c 2012/11/27  |d c  |e mvaldespin  |f 11:11:26 am 
994 |a C0  |b TXA 
999 |a MARS 
999 f f |s 9f45388f-f27d-35ab-b4bd-4b5e090e9340  |i b48657f5-f676-333c-b127-e6ed8442042f  |t 0 
952 f f |p normal  |a Texas A&M University  |b College Station  |c Sterling C. Evans Library  |d Evans: US Documents (Annex 5th floor)  |t 0  |e I 19.16:724-B  |h Superintendent of Documents classification  |i unmediated -- volume  |m A14839369365 
998 f f |a I 19.16:724-B  |t 0  |l Evans: US Documents (Annex 5th floor)